|
|
|
|
| LEADER |
00791nam a2200229 a 4500 |
| 001 |
010762898 |
| 008 |
100502s2000 enka 001 0 eng d |
| 010 |
|
|
|a 88931142
|
| 020 |
|
|
|a 1840461764 (pbk.)
|
| 040 |
|
|
|a StDuBDS
|c UK
|d BD-DhAAL
|
| 082 |
0 |
0 |
|a 150.195
|2 21
|
| 100 |
1 |
|
|a Ward, Ivan.
|
| 245 |
0 |
0 |
|a Introducing psychoanalysis /
|c Ivan Ward and Oscar Zarate.
|
| 260 |
|
|
|a Cambridge :
|b Icon,
|c 2000
|
| 300 |
|
|
|a 176 p. ;
|c 25 cm.
|
| 500 |
|
|
|a Includes index.
|
| 541 |
1 |
|
|e 00014217
|
| 650 |
|
0 |
|a Psychoanalysis.
|
| 700 |
1 |
|
|a Zarate, Oscar,
|d 1942-
|
| 852 |
4 |
|
|a Ayesha Abed Library
|j General shelf
|
| 999 |
|
|
|c 8366
|d 8366
|
| 952 |
|
|
|0 0
|1 0
|2 ddc
|4 0
|6 150_195000000000000_WAR_2000
|7 0
|9 9699
|a BRACUL
|b BRACUL
|c GEN
|d 2010-05-04
|l 14
|m 77
|o 150.195 WAR
|p 3010014217
|r 2025-10-04
|s 2024-02-05
|t 1
|w 2010-05-04
|y BK
|